| 000 | 00606 a2200169 4500 | ||
|---|---|---|---|
| 003 | Nust | ||
| 005 | 20230310122014.0 | ||
| 040 | _cNust | ||
| 082 | _a371.102,WAL | ||
| 100 |
_aEllen, Walople _9110152 |
||
| 245 |
_aFrom pictures to letters : _bFirst steps in the teaching of reading and writing / _cEllen Walpole |
||
| 260 |
_aLondon _bTrubner & Co.ltd _c1937 |
||
| 300 | _a243,p; | ||
| 505 | _aPart.1 A Word to Teachers (Page-15), Part.2 Muscle Training (Page-34), Part.3 The Teaching of the Letters (Page-59), Part.4 More Training in Letters (Page-161). | ||
| 650 |
_aTeaching _949671 |
||
| 942 |
_2ddc _cBK |
||
| 999 |
_c197110 _d197110 |
||